| 000 | 00622cam a22002054a 4500 | ||
|---|---|---|---|
| 020 | _a0072521309 (alk. paper) | ||
| 040 | _cDLC | ||
| 082 | _a613 MCG 2003 A045 Or. | ||
| 100 | 1 | _aMeeks, Linda Brower. | |
| 245 | 1 | 0 |
_aComprehensive school health education : _btotally awesome strategies for teaching health / |
| 250 | _a3rd ed. | ||
| 260 |
_aDubuque, IA : _bMcGraw-Hill, _cc2003. |
||
| 300 |
_axxx, 1020 p. : _bill. ; _c28 cm. |
||
| 500 | _aIncludes index. | ||
| 650 | 0 | _aHealth education (Secondary) | |
| 650 | 0 | _aHealth education (Elementary) | |
| 700 | 1 | _aHeit, Philip. | |
| 700 | 1 | _aPage, Randy M. | |
| 942 | _cEK | ||
| 999 |
_c13034 _d13034 |
||